| 000 -LEADER |
| fixed length control field |
00313nam a22000977a 4500 |
| 082 ## - DEWEY DECIMAL CLASSIFICATION NUMBER |
| Classification number |
TNC A6x5411 D26 |
| 100 ## - MAIN ENTRY--PERSONAL NAME |
| Personal name |
Dastidar, Sachi G. |
| 9 (RLIN) |
21588 |
| 245 ## - TITLE STATEMENT |
| Title |
Empire's last casualty : |
| Remainder of title |
Indian subcontinent's vanishing hindu and other minorities |
| Statement of responsibility, etc |
by Sachi G. Dastidar |
| 260 ## - PUBLICATION, DISTRIBUTION, ETC. (IMPRINT) |
| Place of publication, distribution, etc |
Kolkata |
| Name of publisher, distributor, etc |
FKPL |
| Date of publication, distribution, etc |
2008 |
| 300 ## - PHYSICAL DESCRIPTION |
| Extent |
333p. |